[Event "ch-IND"]
[Site "Mumbai IND"]
[Date "2003.01.27"]
[Round "15"]
[White "Ramesh,R"]
[Black "Venkatesh,M"]
[Result "0-1"]
[WhiteElo "2472"]
[BlackElo "2399"]
[EventDate "2003.01.18"]

1. d4 Nf6 2. c4 e6 3. Nc3 Bb4 4. Qc2 O-O 5. a3 Bxc3+ 6. Qxc3 b6 7. Bg5 Ba6
8. Nf3 d6 9. e3 Nbd7 10. Nd2 c5 11. dxc5 bxc5 12. Bd3 h6 13. Bh4 Ne5 14.
Bc2 Ng6 15. Bg3 Nh5 16. f3 f5 17. Bf2 d5 18. g4 d4 19. exd4 Nhf4 20. gxf5
exf5 21. Kd1 Nh3 22. Be3 cxd4 23. Qxd4 Qxd4 24. Bxd4 Rad8 25. Bxa7 Rd7 26.
Bb6 Ne5 27. Kc1 Rxd2 28. Kxd2 Nxc4+ 29. Kc1 Nxb6 30. b4 Nf2 31. Re1 Rc8 32.
Kb1 Bd3 33. Bxd3 Nxd3 34. Re3 Rc3 35. Re2 Nc4 36. a4 Nxb4 37. a5 Rxf3 38.
Re1 Rf2 39. Ra4 Rb2+ 0-1

[Event "ch-IND"]
[Site "Mumbai IND"]
[Date "2003.01.27"]
[Round "15"]
[White "Prakash,G"]
[Black "Satyapragyan,S"]
[Result "1/2-1/2"]
[WhiteElo "2439"]
[BlackElo "2438"]
[EventDate "2003.01.18"]

1. d4 Nf6 2. c4 e6 3. Nf3 c5 4. d5 exd5 5. cxd5 d6 6. Nc3 g6 7. e4 Bg7 8.
h3 O-O 9. Bd3 b5 10. Nxb5 Re8 11. O-O Nxe4 12. Re1 a6 13. Na3 Nf6 14. Rxe8+
Nxe8 15. Bg5 f6 16. Bd2 Nd7 17. Nc4 Bb7 18. Ba5 Qe7 19. Bf1 Qf7 20. Ne3 Rb8
21. Rb1 Bh6 22. Ng4 Bg7 23. Ne3 Bh6 24. Bc4 f5 25. b4 Rc8 26. bxc5 Nxc5 27.
Ne5 Qf8 28. Nc6 Nf6 29. Nc2 Kh8 30. N2d4 Ba8 31. Rb2 Bg7 32. Re2 Re8 33.
Qe1 Rxe2 34. Nxe2 Qe8 35. Ned4 1/2-1/2

[Event "ch-IND"]
[Site "Mumbai IND"]
[Date "2003.01.27"]
[Round "15"]
[White "Ganguly,S"]
[Black "Thipsay,P"]
[Result "1/2-1/2"]
[WhiteElo "2556"]
[BlackElo "2465"]
[EventDate "2003.01.18"]

1. e4 e5 2. Nf3 Nc6 3. d4 exd4 4. Nxd4 Nf6 5. Nxc6 bxc6 6. e5 Qe7 7. Qe2
Nd5 8. c4 Nb6 9. Nc3 a5 10. Bd2 Ba6 11. b3 a4 12. f4 Qa3 13. Bc1 Qb4 14.
Qc2 Qa5 15. Rb1 axb3 16. axb3 Bb4 17. Bd2 d5 18. cxd5 Bxf1 19. Rxf1 cxd5
20. Ne2 1/2-1/2

[Event "ch-IND"]
[Site "Mumbai IND"]
[Date "2003.01.27"]
[Round "15"]
[White "Barua,D"]
[Black "Soman,S"]
[Result "1-0"]
[WhiteElo "2541"]
[BlackElo "2364"]
[EventDate "2003.01.18"]

1. e4 c5 2. Nf3 e6 3. d4 cxd4 4. Nxd4 a6 5. Bd3 Nc6 6. Nxc6 dxc6 7. O-O e5
8. Nd2 Nf6 9. Nc4 Qc7 10. Bd2 Bg4 11. Qe1 Nd7 12. f4 Be6 13. Qg3 f6 14. a4
O-O-O 15. Ba5 b6 16. Bd2 Kb7 17. b4 h5 18. f5 Bf7 19. Qf2 g6 20. fxg6 Bxg6
21. Rab1 Bf7 22. Ne3 Bh6 23. Qe2 b5 24. c4 bxa4 25. c5 Nb8 26. Rxf6 Bg7 27.
Rd6 Rxd6 28. cxd6 Qxd6 29. Nf5 Qd7 30. b5 Ka8 31. bxc6 Nxc6 32. Bxa6 Rb8
33. Rxb8+ Nxb8 34. Bb5 Qc7 35. Nxg7 a3 36. Qe3 a2 37. Bc3 Qb7 38. Qc5 Qxe4
39. Qxe5 Qb1+ 40. Kf2 Qc2+ 41. Kg3 Qg6+ 42. Kf3 Qg4+ 43. Kf2 Qg6 44. Nf5
Qb6+ 45. Ne3 Na6 46. Qe4+ Kb8 47. Bxa6 Qxa6 48. Qf4+ Kc8 49. Qxf7 a1=Q 50.
Qg8+ 1-0

[Event "ch-IND"]
[Site "Mumbai IND"]
[Date "2003.01.27"]
[Round "15"]
[White "Neelotpal,D"]
[Black "Bakre,T"]
[Result "1/2-1/2"]
[WhiteElo "2406"]
[BlackElo "2464"]
[EventDate "2003.01.18"]

1. e4 c5 2. Nf3 d6 3. d4 cxd4 4. Nxd4 Nf6 5. Nc3 Nc6 6. Bc4 e6 7. Be3 a6 8.
Qe2 Na5 9. O-O-O Nxc4 10. Qxc4 Bd7 11. f4 b5 12. Qd3 b4 13. Nce2 e5 14.
fxe5 dxe5 15. Nf5 Bb5 16. Qxd8+ Rxd8 17. Neg3 h6 18. Rxd8+ Kxd8 19. Bb6+
Kd7 20. Rd1+ Kc6 21. Bd8 Bc5 22. Be7 Bxe7 23. Nxe7+ Kc7 24. Ngf5 Re8 25.
Nd5+ Nxd5 26. Rxd5 Bc6 27. Rd2 Re6 28. Re2 Bb5 29. Rf2 Rf6 30. Rf3 Be2 31.
Rg3 g5 32. Kd2 Bb5 33. Rh3 Rc6 34. Rxh6 Rc4 35. Ng3 Rd4+ 36. Kc1 Kd7 37.
Rf6 Ke7 38. Rb6 Kd7 39. Rb7+ Ke6 40. Rc7 Kf6 41. c3 bxc3 42. Rxc3 g4 43. b3
1/2-1/2

[Event "ch-IND"]
[Site "Mumbai IND"]
[Date "2003.01.28"]
[Round "16"]
[White "Saravanan,V"]
[Black "Kunte,A"]
[Result "1/2-1/2"]
[WhiteElo "2357"]
[BlackElo "2507"]
[EventDate "2003.01.18"]

1. e4 e5 2. Nf3 Nc6 3. Nc3 Nf6 4. Bb5 Bb4 5. O-O O-O 6. d3 d6 7. Bg5 Bxc3
8. bxc3 Qe7 9. Re1 Nd8 10. d4 Ne6 11. Bc1 Rd8 1/2-1/2

[Event "ch-IND"]
[Site "Mumbai IND"]
[Date "2003.01.28"]
[Round "16"]
[White "Soman,S"]
[Black "Prakash,G"]
[Result "0-1"]
[WhiteElo "2364"]
[BlackElo "2439"]
[EventDate "2003.01.18"]

1. d4 e6 2. Nf3 Nf6 3. Bg5 c5 4. e4 Qb6 5. Nbd2 cxd4 6. e5 Nd5 7. Nc4 Qc7
8. Nxd4 a6 9. a4 h6 10. Bc1 Nc6 11. Nxc6 Qxc6 12. Be2 b6 13. Nd6+ Bxd6 14.
exd6 Bb7 15. Bf3 Qxd6 16. O-O Qc7 17. Qd4 O-O 18. Ra3 f6 19. Be4 Ne7 20.
Rc3 Bc6 21. Qd1 Rf7 22. Re1 f5 23. Bf3 Rc8 24. Bh5 Rf6 25. Qd4 f4 26. Bf3
Qb7 27. Bxc6 Nxc6 28. Qd6 Rcf8 29. Rd3 R8f7 30. b3 b5 31. axb5 axb5 32. Bb2
Rf5 33. f3 Qa7+ 34. Kf1 Qa2 35. Qa3 Qxa3 36. Bxa3 b4 37. Bb2 Kf8 38. Ra1
Ke7 39. Rdd1 g5 40. Ke2 Ra5 41. Bd4 Rff5 42. Kd3 Rfd5 43. Ke4 0-1

[Event "ch-IND"]
[Site "Mumbai IND"]
[Date "2003.01.28"]
[Round "16"]
[White "Arvind,S"]
[Black "Ramesh,R"]
[Result "1-0"]
[WhiteElo "2330"]
[BlackElo "2472"]
[EventDate "2003.01.18"]

1. Nf3 Nf6 2. b3 d5 3. Bb2 e6 4. c4 Be7 5. e3 O-O 6. Nc3 b6 7. Qc2 Bb7 8.
Be2 c5 9. cxd5 Nxd5 10. Nxd5 Qxd5 11. h4 h6 12. Ng5 hxg5 13. Bf3 Qxf3 14.
gxf3 Bxf3 15. Rg1 g4 16. Rxg4 Bxg4 17. Qe4 Nd7 18. Qxg4 Nf6 19. Qg2 Rad8
20. O-O-O 1-0

[Event "ch-IND"]
[Site "Mumbai IND"]
[Date "2003.01.28"]
[Round "16"]
[White "Satyapragyan,S"]
[Black "Suvrajit,S"]
[Result "1/2-1/2"]
[WhiteElo "2438"]
[BlackElo "2390"]
[EventDate "2003.01.18"]

1. e4 e5 2. Nf3 Nf6 3. Nxe5 d6 4. Nf3 Nxe4 5. Bd3 Nf6 6. O-O Be7 7. h3 O-O
8. c3 b6 9. Bc2 Bb7 10. d4 Nbd7 11. Re1 Re8 12. Bf4 Bf8 13. Rxe8 Qxe8 14.
Nbd2 Ne4 15. Nxe4 Bxe4 16. Qd2 Bxc2 17. Qxc2 Nf6 18. Re1 Qd7 19. Bg5 Re8
20. Bxf6 Rxe1+ 21. Nxe1 Qe6 22. Kf1 gxf6 23. b3 d5 24. Nf3 c5 25. dxc5 bxc5
26. c4 d4 27. Ne1 f5 28. Nd3 1/2-1/2

[Event "ch-IND"]
[Site "Mumbai IND"]
[Date "2003.01.28"]
[Round "16"]
[White "Bakre,T"]
[Black "Prathamesh,S"]
[Result "0-1"]
[WhiteElo "2464"]
[BlackElo "2366"]
[EventDate "2003.01.18"]

1. e4 c5 2. Nf3 e6 3. b3 b6 4. Bb2 Bb7 5. Qe2 d6 6. g3 Nf6 7. d3 Nc6 8. Bg2
Be7 9. Nbd2 Rc8 10. Nf1 O-O 11. h4 Nd7 12. Ne3 Bf6 13. c3 d5 14. Ng4 c4 15.
dxc4 dxe4 16. Nxf6+ Nxf6 17. Ng5 Ne5 18. Ba3 Nd3+ 19. Kf1 Nc5 20. Rd1 Qe8
21. Bxc5 Rxc5 22. b4 Re5 23. Kg1 h6 24. Nh3 h5 25. Nf4 Qa8 26. Rd4 g6 27.
Kf1 Rf5 28. Nh3 e5 29. Rd1 e3 30. Bxb7 Qxb7 31. Rg1 exf2 32. Rg2 Ng4 33.
Rd5 b5 34. Rxb5 Qxg2+ 35. Kxg2 Ne3+ 36. Qxe3 f1=Q+ 37. Kh2 Qxc4 38. Rxe5
Qxa2+ 39. Qe2 Qxe2+ 40. Rxe2 Rf3 41. c4 Rb3 42. b5 Rc3 43. Re7 Rc2+ 44. Kg1
Rd8 45. Nf2 Rdd2 0-1

[Event "ch-IND"]
[Site "Mumbai IND"]
[Date "2003.01.28"]
[Round "16"]
[White "Venkatesh,M"]
[Black "Roy Chowdhury,S"]
[Result "0-1"]
[WhiteElo "2399"]
[BlackElo "2395"]
[EventDate "2003.01.18"]

1. e4 c5 2. Nf3 Nc6 3. d4 cxd4 4. Nxd4 e5 5. Nb5 d6 6. c4 Be7 7. N1c3 a6 8.
Na3 f5 9. exf5 Bxf5 10. Nc2 Nf6 11. Ne3 Be6 12. Bd3 O-O 13. O-O Rc8 14.
Ned5 Kh8 15. Be3 Qe8 16. h3 Qf7 17. Bb1 Rcd8 18. a3 Rd7 19. b4 Bd8 20. f4
exf4 21. Rxf4 Qg8 22. Ra2 Rdf7 23. Raf2 Ne5 24. Rh4 g6 25. Nf4 Ne8 26. Rh6
Bg5 27. Nxg6+ Nxg6 28. Bd4+ Ng7 29. Rxg6 Be3 30. Bxe3 hxg6 31. Bxg6 Rxf2
32. Bxf2 Rf6 33. Be4 Bxc4 34. Bd4 Rf1+ 35. Qxf1 Bxf1 36. Nd5 Bc4 37. Nf6
Qe6 38. Nh5 Qf7 39. Bxg7+ Kg8 40. Bf3 Qg6 41. Bd4 Qd3 42. Bf6 Qxa3 43. h4
Bf7 44. Ng3 Qxb4 45. Kh2 a5 46. Ne4 d5 47. Bc3 Qa4 48. Nf6+ Kf8 49. Kg3 d4
50. Bd2 Kg7 51. Bg5 Qb5 52. Ne4 a4 53. Bf6+ Kf8 54. Bxd4 b6 55. Nf6 a3 56.
h5 a2 57. h6 Qg5+ 58. Ng4 Bg6 59. Bg7+ Ke7 0-1

[Event "ch-IND"]
[Site "Mumbai IND"]
[Date "2003.01.28"]
[Round "16"]
[White "Thipsay,P"]
[Black "Ravi,L"]
[Result "1/2-1/2"]
[WhiteElo "2465"]
[BlackElo "2419"]
[EventDate "2003.01.18"]

1. e4 c5 2. Nf3 d6 3. d4 cxd4 4. Nxd4 Nf6 5. Nc3 a6 6. Bg5 e6 7. f4 Nbd7 8.
Qf3 Qc7 9. O-O-O b5 10. Bd3 Bb7 11. Rhe1 b4 12. Nd5 exd5 13. exd5+ Kd8 14.
Nc6+ Bxc6 15. dxc6 Nc5 16. Bxf6+ gxf6 17. Bc4 Ra7 18. Qd5 Qb6 19. Qf5 Be7
20. Bd5 a5 21. Qg4 a4 22. Qg7 Re8 23. Bxf7 b3 24. Rxd6+ Kc8 25. a3 Rd8 26.
Qg4+ Kb8 27. Rxd8+ Bxd8 28. Qg8 Kc8 29. Be6+ Kc7 30. Rd1 Nxe6 31. Qxe6 Kb8
32. Qe8 Kc8 33. Qe6+ Kb8 34. Qd6+ Kc8 35. Qe6+ Kb8 36. Qd6+ 1/2-1/2

[Event "ch-IND"]
[Site "Mumbai IND"]
[Date "2003.01.28"]
[Round "17"]
[White "Suvrajit,S"]
[Black "Soman,S"]
[Result "1/2-1/2"]
[WhiteElo "2390"]
[BlackElo "2364"]
[EventDate "2003.01.18"]

1. d4 f5 2. Nc3 Nf6 3. Bg5 d5 4. Bxf6 exf6 5. e3 c6 6. Bd3 Be6 7. Qf3 Qd7
8. Nge2 Na6 9. a3 Bd6 10. h3 Nc7 11. Nf4 Bxf4 12. Qxf4 O-O-O 13. Qf3 Ne8
14. Na4 b6 15. b3 Nd6 16. Qg3 Qc7 17. O-O-O Kb8 18. Kb2 g5 19. h4 f4 20.
Qf3 h5 21. Qe2 Rde8 22. Rde1 Bg4 23. Qd2 f3 24. g3 1/2-1/2

[Event "ch-IND"]
[Site "Mumbai IND"]
[Date "2003.01.28"]
[Round "17"]
[White "Ganguly,S"]
[Black "Bakre,T"]
[Result "1/2-1/2"]
[WhiteElo "2556"]
[BlackElo "2464"]
[EventDate "2003.01.18"]

1. e4 c5 2. Nf3 d6 3. d4 cxd4 4. Nxd4 Nf6 5. Nc3 Nc6 6. Bg5 e6 7. Qd2 a6 8.
O-O-O Bd7 9. f3 Be7 10. Kb1 Rc8 11. h4 b5 12. Nxc6 Bxc6 13. Bd3 h6 14. Be3
d5 15. e5 1/2-1/2

[Event "ch-IND"]
[Site "Mumbai IND"]
[Date "2003.01.28"]
[Round "17"]
[White "Barua,D"]
[Black "Thipsay,P"]
[Result "1/2-1/2"]
[WhiteElo "2541"]
[BlackElo "2465"]
[EventDate "2003.01.18"]

1. e4 c5 2. Nf3 e6 3. d4 cxd4 4. Nxd4 Nf6 5. Nc3 Nc6 6. Nxc6 bxc6 7. e5 Nd5
8. Ne4 Qc7 9. f4 Qb6 10. c4 Bb4+ 11. Ke2 f5 12. exf6 Nxf6 13. Be3 Qa5 14.
Nxf6+ gxf6 15. Kf2 Ke7 16. Qd4 d6 17. Be2 Bc5 18. Qd3 Rb8 19. b3 Qb6 20.
Rhd1 Bxe3+ 21. Qxe3 Qxe3+ 22. Kxe3 c5 23. Ke4 1/2-1/2

[Event "ch-IND"]
[Site "Mumbai IND"]
[Date "2003.01.28"]
[Round "17"]
[White "Prakash,G"]
[Black "Sundararajan,K"]
[Result "1/2-1/2"]
[WhiteElo "2439"]
[BlackElo "2416"]
[EventDate "2003.01.18"]

1. d4 d5 2. Nf3 Nf6 3. c4 c6 4. Nc3 dxc4 5. a4 Bf5 6. Ne5 e6 7. f3 Bb4 8.
e4 Bxe4 9. fxe4 Nxe4 10. Qf3 Qxd4 11. Qxf7+ Kd8 12. Bg5+ Nxg5 13. Qxg7
Bxc3+ 1/2-1/2

[Event "ch-IND"]
[Site "Mumbai IND"]
[Date "2003.01.28"]
[Round "17"]
[White "Neelotpal,D"]
[Black "Venkatesh,M"]
[Result "1/2-1/2"]
[WhiteElo "2406"]
[BlackElo "2399"]
[EventDate "2003.01.18"]

1. d4 Nf6 2. Nf3 e6 3. e3 b6 4. Bd3 Bb7 5. O-O d5 6. c4 Bd6 7. Nc3 a6 8.
cxd5 exd5 9. b3 Nbd7 10. Bb2 O-O 11. Rc1 Re8 12. Ne2 Ne4 13. Rc2 Rc8 14.
Qa1 Qe7 15. Nf4 Ra8 1/2-1/2

[Event "ch-IND"]
[Site "Mumbai IND"]
[Date "2003.01.29"]
[Round "18"]
[White "Saravanan,V"]
[Black "Roy Chowdhury,S"]
[Result "1/2-1/2"]
[WhiteElo "2357"]
[BlackElo "2395"]
[EventDate "2003.01.18"]

1. e4 c5 2. Nc3 Nc6 3. g3 g6 4. Bg2 Bg7 5. d3 d6 6. f4 e6 7. Nf3 Nge7 8.
O-O O-O 9. Be3 Nd4 10. Bf2 Nec6 11. Rb1 Rb8 12. Ne2 Nxf3+ 13. Bxf3 Nd4 14.
Bg2 Qa5 15. Nc1 Qa4 16. c3 Qxd1 17. Rxd1 Nc6 18. Ne2 e5 19. Rd2 Bg4 20. h3
Be6 21. b4 cxb4 22. cxb4 Nd4 23. Nxd4 exd4 24. b5 a5 25. bxa6 bxa6 26. Rdb2
Rbc8 27. Rb6 Rc3 28. Bf1 Bxa2 29. Ra1 Be6 30. Rxd6 Rfc8 31. Rdxa6 h5 32.
Ra8 Rxa8 33. Rxa8+ Kh7 34. Ra1 Rb3 35. Kg2 Rb2 36. Kf3 f5 37. Ra7 Rb4 38.
Re7 Bc8 39. Be1 Rb3 40. Kf2 Rb2+ 41. Kg1 Rb1 42. Kf2 Rb2+ 43. Kg1 Rb1 44.
exf5 Bxf5 45. Kf2 Rb2+ 46. Kf3 Rb3 47. Bf2 Kg8 48. Rxg7+ Kxg7 49. Bxd4+ Kf7
50. Ke3 Ke6 51. Bg7 Ra3 52. Bd4 Ra2 53. Kf3 Ra3 54. Ke3 Kd6 55. Bg7 Rb3 56.
Be5+ Ke7 57. Bg7 Bc8 58. Be5 Bf5 59. Bd4 Kd6 60. Bf6 Kc5 61. Bg7 Kb4 62.
Bf6 Ka3 63. Be5 Ka2 64. Bf6 Kb1 65. Kd2 Ra3 66. Be5 Ra2+ 67. Ke3 Kc2 68. d4
Ra3+ 69. Kf2 Kd2 70. Bg2 Re3 71. d5 Re2+ 72. Kg1 Re1+ 73. Kf2 Re2+ 74. Kg1
Re1+ 1/2-1/2

[Event "ch-IND"]
[Site "Mumbai IND"]
[Date "2003.01.29"]
[Round "18"]
[White "Bakre,T"]
[Black "Ravi,L"]
[Result "1-0"]
[WhiteElo "2464"]
[BlackElo "2419"]
[EventDate "2003.01.18"]

1. e4 e6 2. d4 d5 3. Nc3 Nf6 4. Bg5 dxe4 5. Nxe4 Be7 6. Bxf6 gxf6 7. Nf3 a6
8. g3 b5 9. Bg2 Bb7 10. Qe2 Bd5 11. Qe3 Nc6 12. O-O b4 13. Rfc1 f5 14. Ned2
Bf6 15. c4 bxc3 16. bxc3 Rb8 17. Ne1 Bg5 18. Bxd5 Bxe3 19. Bxc6+ Ke7 20.
fxe3 h5 21. Nd3 h4 22. Nf1 hxg3 23. hxg3 Qg8 24. Rab1 Qh7 25. Rb3 f6 26.
Bg2 Rb6 27. Nb4 Kd7 28. Ra3 Qh5 29. Re1 e5 30. Ra5 Re8 31. Nd3 e4 32. Nc5+
Ke7 33. Nxe4 Rb2 34. Ned2 Qf7 35. Rxa6 Rxa2 36. Rc6 Kd7 37. Rc5 Qg7 38.
Bc6+ Kd8 39. Rd5+ Kc8 40. Bxe8 Rxd2 41. Bd7+ Kd8 42. Bc6+ Kc8 43. Ra1 Rb2
44. Ra8+ Rb8 45. Rxb8+ Kxb8 46. Ra5 1-0

[Event "ch-IND"]
[Site "Mumbai IND"]
[Date "2003.01.29"]
[Round "18"]
[White "Venkatesh,M"]
[Black "Prathamesh,S"]
[Result "1-0"]
[WhiteElo "2399"]
[BlackElo "2366"]
[EventDate "2003.01.18"]

1. e4 c5 2. Nf3 e6 3. d3 Nc6 4. g3 Nge7 5. Bg2 g6 6. O-O Bg7 7. Re1 d6 8.
c3 e5 9. a3 O-O 10. b4 h6 11. Nbd2 Be6 12. Rb1 b6 13. Nc4 Rc8 14. b5 Nb8
15. Ne3 f5 16. exf5 gxf5 17. Nh4 d5 18. c4 dxc4 19. Nxc4 e4 20. Qb3 Nd7 21.
Bf4 Ne5 22. Bxe5 Bxe5 23. dxe4 Qd4 24. Rbc1 fxe4 25. Rxe4 Qxf2+ 26. Kh1 Bd5
27. Rg4+ Bg7 28. Bxd5+ Nxd5 29. Nd6 c4 30. Rgxc4 Rxc4 31. Qxc4 Qd2 32. Ng6
Bb2 33. Rb1 Rd8 34. Ne7+ Kf8 35. Nxd5 Rxd6 36. Rf1+ 1-0

[Event "ch-IND"]
[Site "Mumbai IND"]
[Date "2003.01.29"]
[Round "18"]
[White "Soman,S"]
[Black "Sriram,J"]
[Result "1/2-1/2"]
[WhiteElo "2364"]
[BlackElo "2448"]
[EventDate "2003.01.18"]

1. d4 d5 2. Nf3 c6 3. Bf4 Bg4 4. Nbd2 e6 5. e3 Nd7 6. Be2 Be7 7. h3 Bf5 8.
O-O g5 9. Bg3 Bg6 10. c4 f5 11. Qb3 Qb6 12. c5 Qxb3 13. axb3 a6 14. b4 Rc8
15. Nb3 Bd8 16. Na5 Bxa5 17. bxa5 h6 18. Ra3 Rh7 19. Bd6 Bh5 20. g4 fxg4
21. Ne5 Nxe5 22. Bxe5 Rf7 1/2-1/2

[Event "ch-IND"]
[Site "Mumbai IND"]
[Date "2003.01.29"]
[Round "18"]
[White "Thipsay,P"]
[Black "Prakash,G"]
[Result "1-0"]
[WhiteElo "2465"]
[BlackElo "2439"]
[EventDate "2003.01.18"]

1. e4 c6 2. d4 d5 3. Nd2 dxe4 4. Nxe4 Bf5 5. Ng3 Bg6 6. h4 h6 7. Nf3 Nd7 8.
h5 Bh7 9. Bd3 Bxd3 10. Qxd3 e6 11. Bf4 Ngf6 12. O-O-O Be7 13. Kb1 O-O 14.
Ne4 Qa5 15. Nxf6+ Nxf6 16. Ne5 Rad8 17. Qe2 Qb6 18. c3 c5 19. dxc5 Qxc5 20.
g4 Rxd1+ 21. Rxd1 Rd8 22. Re1 Nd5 23. Bc1 Bh4 24. Rf1 Qxc3 25. f4 Bf6 26.
g5 hxg5 27. Nxf7 Kxf7 28. fxg5 Qb4 29. Ka1 Qd4 30. gxf6 Nxf6 31. Qg2 Qd3
32. Qxb7+ Rd7 33. Qg2 Rd5 34. h6 gxh6 35. Bxh6 Qg6 36. Qh2 e5 37. Bc1 Rc5
38. Qd2 Ke6 39. Qb4 Qc2 40. Be3 Rc4 41. Qf8 Qg6 42. a3 Nd7 43. Qa8 Qd3 44.
Re1 Rc7 45. Bxa7 Qd2 46. Qg8+ Ke7 47. Qg7+ Kd8 48. Qh8+ Ke7 49. Qh4+ Ke8
50. Be3 Qd3 51. Bg5 Rc4 52. Qh8+ Kf7 53. Qd8 Rc3 54. Qe7+ Kg6 55. Rg1 Kh5
56. Qe8+ 1-0

[Event "ch-IND"]
[Site "Mumbai IND"]
[Date "2003.01.30"]
[Round "19"]
[White "Roy Chowdhury,S"]
[Black "Kunte,A"]
[Result "1/2-1/2"]
[WhiteElo "2395"]
[BlackElo "2507"]
[EventDate "2003.01.18"]

1. d4 d5 2. Nf3 Nf6 3. c4 e6 4. Nc3 Be7 5. Bg5 h6 6. Bxf6 Bxf6 7. e3 c6 8.
Rc1 Nd7 9. Bd3 O-O 10. O-O dxc4 11. Bxc4 e5 12. h3 exd4 13. exd4 Nb6 14.
Bb3 Bf5 15. Re1 Re8 1/2-1/2

[Event "ch-IND"]
[Site "Mumbai IND"]
[Date "2003.01.30"]
[Round "19"]
[White "Ganguly,S"]
[Black "Venkatesh,M"]
[Result "1-0"]
[WhiteElo "2556"]
[BlackElo "2399"]
[EventDate "2003.01.18"]

1. e4 c5 2. Nf3 Nc6 3. d4 cxd4 4. Nxd4 Nf6 5. Nc3 e5 6. Ndb5 d6 7. Bg5 a6
8. Na3 b5 9. Bxf6 gxf6 10. Nd5 Bg7 11. c3 f5 12. exf5 Bxf5 13. Nc2 Be6 14.
g3 O-O 15. Bg2 a5 16. O-O f5 17. Qe2 Rb8 18. Rfd1 Qd7 19. Rd2 Bh6 20. f4 e4
21. Rad1 Rf7 22. Qh5 Bf8 23. Kh1 Kh8 24. b3 Rg7 25. Nce3 Qf7 26. Qe2 h5 27.
Bh3 Rb7 28. c4 bxc4 29. Nxc4 h4 30. gxh4 Rh7 31. Qf2 a4 32. bxa4 Nb4 33.
Nxb4 Bxc4 34. Nc6 Qf6 35. Na5 Rbc7 36. Nxc4 Rxc4 37. Rd5 Qxh4 38. Qb2+ Rg7
39. Bxf5 e3 40. Bd3 Rxf4 41. Qe2 Qg4 42. a5 Qxe2 43. Bxe2 Ra4 44. Rf1 Be7
45. Rh5+ Kg8 46. Bd1 Rag4 1-0

[Event "ch-IND"]
[Site "Mumbai IND"]
[Date "2003.01.30"]
[Round "19"]
[White "Barua,D"]
[Black "Bakre,T"]
[Result "0-1"]
[WhiteElo "2541"]
[BlackElo "2464"]
[EventDate "2003.01.18"]

1. e4 c5 2. Nf3 d6 3. d4 cxd4 4. Nxd4 Nf6 5. Nc3 Nc6 6. Be2 g6 7. O-O Bg7
8. Nb3 O-O 9. Re1 Be6 10. Bg5 h6 11. Bh4 d5 12. exd5 Nxd5 13. Nxd5 Bxd5 14.
c3 g5 15. Bg3 e5 16. Bb5 f6 17. Nc5 Rf7 18. Qa4 a6 19. Bf1 Qf8 20. Qa3 Rc7
21. Red1 Bf7 22. f3 Na7 23. Bf2 Rac8 24. b4 Nb5 25. Qb2 f5 26. a4 Nd6 27.
Qd2 Nc4 28. Qe2 Nd6 29. Qd3 Rc6 30. Rac1 b5 31. axb5 axb5 32. Qb1 Qe8 33.
Re1 Kh8 34. h4 Bf6 35. hxg5 hxg5 36. Red1 Kg7 37. Rd2 R8c7 38. Rcd1 Qf8 39.
Qa1 Nc4 40. Rd7 Qe8 41. Bxc4 bxc4 42. Qa4 Kg6 43. Rxc7 Rxc7 44. Qa5 Qc8 45.
Rd6 Rc6 46. Rd1 e4 47. Bd4 g4 0-1

[Event "ch-IND"]
[Site "Mumbai IND"]
[Date "2003.01.30"]
[Round "19"]
[White "Satyapragyan,S"]
[Black "Soman,S"]
[Result "1/2-1/2"]
[WhiteElo "2438"]
[BlackElo "2364"]
[EventDate "2003.01.18"]

1. e4 c5 2. Nf3 e6 3. d4 cxd4 4. Nxd4 a6 5. c4 Nf6 6. Nc3 Qc7 7. a3 b6 8.
Be2 Bb7 9. f3 d6 10. O-O Nbd7 11. Be3 Be7 12. Rc1 h6 13. Kh1 g5 14. b4 Rc8
15. Nb3 Nh5 16. Rf2 O-O 17. Bf1 Qb8 18. Rd2 Nhf6 19. Qe1 Rfe8 20. Qf2 Bd8
21. Rcd1 Bc7 22. Nd4 Ne5 23. h4 1/2-1/2

[Event "ch-IND"]
[Site "Mumbai IND"]
[Date "2003.01.30"]
[Round "20"]
[White "Thipsay,P"]
[Black "Sriram,J"]
[Result "1/2-1/2"]
[WhiteElo "2465"]
[BlackElo "2448"]
[EventDate "2003.01.18"]

1. e4 c5 2. Nf3 d6 3. d4 cxd4 4. Nxd4 Nf6 5. Nc3 a6 6. Be2 e5 7. Nb3 Be7 8.
O-O O-O 9. Be3 Be6 10. f4 Qc7 11. a4 Nbd7 12. Kh1 exf4 13. Rxf4 Ne5 14. Nd4
Rfe8 15. Nf5 Bf8 16. Bd4 d5 17. exd5 Nxd5 18. Nxd5 Bxd5 19. Qf1 Qxc2 20.
Ne3 Qc6 21. Bxe5 Rxe5 22. Nxd5 Qxd5 23. Bc4 Qc5 24. b4 Qc8 25. Qd3 Kh8 26.
Bxf7 Qd8 27. Qc3 Qg5 28. Qf3 Rd8 29. Rf1 Bd6 30. Bd5 Re1 31. Rxe1 Bxf4 32.
g3 Bd2 1/2-1/2

[Event "ch-IND"]
[Site "Mumbai IND"]
[Date "2003.01.30"]
[Round "20"]
[White "Kunte,A"]
[Black "Neelotpal,D"]
[Result "1/2-1/2"]
[WhiteElo "2507"]
[BlackElo "2406"]
[EventDate "2003.01.18"]

1. Nf3 Nf6 2. g3 g6 3. Bg2 Bg7 4. O-O d5 5. d4 O-O 6. c4 dxc4 7. Na3 Nc6 8.
Nxc4 Be6 9. b3 a5 10. Bb2 a4 1/2-1/2

[Event "ch-IND"]
[Site "Mumbai IND"]
[Date "2003.01.30"]
[Round "20"]
[White "Arvind,S"]
[Black "Ganguly,S"]
[Result "1/2-1/2"]
[WhiteElo "2330"]
[BlackElo "2556"]
[EventDate "2003.01.18"]

1. Nf3 Nf6 2. d4 g6 3. Bg5 Ne4 4. Bf4 c5 5. Nbd2 d5 6. c3 Nc6 7. e3 Bg7 8.
Be2 h6 9. O-O g5 10. Bg3 Bf5 11. Nxe4 dxe4 12. Nd2 cxd4 13. exd4 O-O 14.
Nc4 Bh7 15. Re1 Rc8 16. Qb3 b6 17. Rad1 Qd5 18. f4 Nd8 19. Ne3 Qxb3 20.
axb3 gxf4 1/2-1/2

[Event "ch-IND"]
[Site "Mumbai IND"]
[Date "2003.01.30"]
[Round "20"]
[White "Sundararajan,K"]
[Black "Satyapragyan,S"]
[Result "1/2-1/2"]
[WhiteElo "2416"]
[BlackElo "2438"]
[EventDate "2003.01.18"]

1. d4 e6 2. c4 b6 3. a3 Nf6 4. Nc3 Bb7 5. d5 d6 6. Nf3 c6 7. e4 cxd5 8.
cxd5 e5 9. Be2 Be7 10. O-O O-O 11. Nd2 Nbd7 12. b4 Ne8 13. Nc4 Bg5 14. Nb5
Bxc1 15. Rxc1 Ndf6 16. Qd3 Ba6 17. a4 Kh8 18. Qe3 Ng8 19. f4 exf4 20. Rxf4
Bxb5 21. axb5 Ne7 22. Rcf1 f5 23. Qd4 Nf6 24. Ne3 Ng6 25. Rxf5 Qe7 26. Bd3
Ne5 1/2-1/2

[Event "ch-IND"]
[Site "Mumbai IND"]
[Date "2003.01.30"]
[Round "20"]
[White "Venkatesh,M"]
[Black "Ravi,L"]
[Result "0-1"]
[WhiteElo "2399"]
[BlackElo "2419"]
[EventDate "2003.01.18"]

1. e4 e6 2. d3 d5 3. Nd2 c5 4. g3 Bd6 5. Bg2 Ne7 6. Ngf3 Nbc6 7. O-O O-O 8.
Re1 Bc7 9. c3 b6 10. d4 cxd4 11. exd5 Nxd5 12. Nxd4 Nxd4 13. cxd4 Bb7 14.
Ne4 Qd7 15. Ng5 Rac8 16. Qd3 g6 17. Qe4 Rfe8 18. Qh4 f6 19. Ne4 Bd8 20. g4
f5 21. Ng5 Rxc1 22. Raxc1 Nf4 23. Bxb7 Qxb7 24. Qxh7+ Qxh7 25. Nxh7 Nd3 26.
Rc8 Nxe1 27. Nf6+ Bxf6 28. Rxe8+ Kf7 29. Ra8 a5 30. Ra7+ Ke8 31. gxf5 gxf5
32. Kf1 Nd3 33. Ke2 Nxb2 34. Rb7 Bxd4 35. h4 Kf8 36. h5 Na4 37. h6 Kg8 38.
f4 Nc3+ 39. Kd3 Bf6 0-1

[Event "ch-IND"]
[Site "Mumbai IND"]
[Date "2003.01.31"]
[Round "21"]
[White "Soman,S"]
[Black "Sundararajan,K"]
[Result "0-1"]
[WhiteElo "2364"]
[BlackElo "2416"]
[EventDate "2003.01.18"]

1. d4 Nf6 2. Nf3 d5 3. Bf4 c5 4. e3 Qb6 5. Nc3 c4 6. Qc1 Bf5 7. Be2 Nc6 8.
a3 h6 9. Ne5 e6 10. O-O Be7 11. h3 O-O 12. Rb1 Nxe5 13. Bxe5 Qa5 14. f3 b5
15. Ra1 Qb6 16. Kh1 a5 17. a4 b4 18. Nb5 Rac8 19. c3 Nd7 20. Qd2 Bg6 21.
Bg3 Ra8 22. e4 Qc6 23. exd5 exd5 24. Rfe1 Rfe8 25. Bf4 Bd8 26. Bf1 Rxe1 27.
Qxe1 b3 28. Qe8+ Kh7 29. g3 Bf6 30. Qe3 Nb6 31. Nc7 Rc8 32. Nb5 Re8 33. Qd2
Nxa4 34. Nc7 Rd8 35. h4 Be7 36. Bg2 Rd7 37. Kh2 Bd8 38. Na6 Qxa6 39. Rxa4
Qb5 40. Ra1 a4 41. Qf2 Be7 42. Bc1 Rb7 43. f4 Bc2 44. h5 f5 45. Kh3 Bf8 46.
Qe2 Re7 47. Qf2 Bd1 48. Bf3 Bxf3 49. Qxf3 Qd7 50. Bd2 Re4 51. Kg2 a3 52.
bxa3 b2 53. Rb1 Bxa3 54. Qd1 Re8 55. Kf2 Qe6 56. Qf3 Kg8 57. Rg1 Qe4 58.
Qxe4 Rxe4 59. Rb1 Kf7 60. Be3 Ke6 61. Bd2 Kd7 62. Be3 Kc6 63. Bd2 Re8 64.
Be3 Rb8 65. Ke2 Kb5 66. Kd1 Ka4 67. Kc2 Re8 68. Re1 b1=Q+ 69. Rxb1 Rxe3 70.
Rb7 Re2+ 71. Kd1 Rg2 72. Rxg7 Kb3 0-1